000 00230nam a2200097Ia 4500
008 230907s9999||||xx |||||||||||||| ||und||
082 _a620.11,CAS
245 0 _aLasers in materials science /
300 _axvi,387 p.:
942 _cBK
999 _c597492
_d597492